00546nam a2200133Ia 4500008004100000100002200041245009200063245010200155260005300257260001800310300000800328650001500336856006100351170221s9999 xx 000 0 und d aFaizal Diana-Rose aConsumers’ Purchasing Decision towards Food Products of Small and Medium Enterprises  cFaizal Diana-Rose, Mohd Ashhari Zariyawati, Kamarohim Norazlina, Md Nassir Annuar, Othman Manisah bInternational Review of Management and Marketing cNovember 2015 a4:4 xMarketing. uhttp://www.econjournals.com/index.php/irmm/issue/view/88